Modeling the supply chain / (Record no. 19572)
[ view plain ]
| 000 -LEADER | |
|---|---|
| fixed length control field | 00793nam a22002537a 4500 |
| 003 - CONTROL NUMBER IDENTIFIER | |
| control field | OSt |
| 008 - FIXED-LENGTH DATA ELEMENTS--GENERAL INFORMATION | |
| fixed length control field | 230518b2007 |||||||| |||| 00| 0 eng d |
| 020 ## - INTERNATIONAL STANDARD BOOK NUMBER | |
| International Standard Book Number | 9788131501566 |
| 082 ## - DEWEY DECIMAL CLASSIFICATION NUMBER | |
| Classification number | 658.7 |
| Item number | SHA-M |
| 100 ## - MAIN ENTRY--PERSONAL NAME | |
| Personal name | Shapiro, Jeremy F. |
| 245 ## - TITLE STATEMENT | |
| Title | Modeling the supply chain / |
| Statement of responsibility, etc | Jeremy F. Shapiro |
| 250 ## - EDITION STATEMENT | |
| Edition statement | 2nd ed. |
| 260 ## - PUBLICATION, DISTRIBUTION, ETC. (IMPRINT) | |
| Place of publication, distribution, etc | Andover : |
| Name of publisher, distributor, etc | Cengage Learning, |
| Date of publication, distribution, etc | 2007. |
| 300 ## - PHYSICAL DESCRIPTION | |
| Extent / Pages | xvi, 608p. ; |
| 650 ## - SUBJECT ADDED ENTRY--TOPICAL TERM | |
| Topical term or geographic name as entry element | Linear programming |
| 650 ## - SUBJECT ADDED ENTRY--TOPICAL TERM | |
| Topical term or geographic name as entry element | Materials management-Mathematical models |
| 650 ## - SUBJECT ADDED ENTRY--TOPICAL TERM | |
| Topical term or geographic name as entry element | Business logistics-Mathematical models |
| 650 ## - SUBJECT ADDED ENTRY--TOPICAL TERM | |
| Topical term or geographic name as entry element | Industrial procurement-Mathematical models |
| 650 ## - SUBJECT ADDED ENTRY--TOPICAL TERM | |
| Topical term or geographic name as entry element | Marketing channels-Mathematical models |
| 650 ## - SUBJECT ADDED ENTRY--TOPICAL TERM | |
| Topical term or geographic name as entry element | Marketing channels |
| 650 ## - SUBJECT ADDED ENTRY--TOPICAL TERM | |
| Topical term or geographic name as entry element | Material requirements planning |
| 650 ## - SUBJECT ADDED ENTRY--TOPICAL TERM | |
| Topical term or geographic name as entry element | Materials management |
| 942 ## - ADDED ENTRY ELEMENTS (KOHA) | |
| Source of classification or shelving scheme | |
| Koha item type | Books |
| 942 ## - ADDED ENTRY ELEMENTS (KOHA) | |
| -- | 1 |
| Withdrawn status | Lost status | Source of classification or shelving scheme | Damaged status | Not for loan | Home library | Current library | Date acquired | Source of acquisition | Currency | Cost, normal purchase price | Full call number | Barcode | Date last seen | Copy number | Bill Date | Koha item type | Bill Number | Total Checkouts | Date last borrowed |
|---|---|---|---|---|---|---|---|---|---|---|---|---|---|---|---|---|---|---|---|
| SOBD Library | SOBD Library | 18/05/2023 | Vedi Books | INR | 799.00 | 658.7 SHA-M1 | 003500 | 18/05/2023 | 1 | 17/04/2023 | Reference Books | VEDI/23-24/04/11 | |||||||
| SOBD Library | SOBD Library | 18/05/2023 | Vedi Books | INR | 799.00 | 658.7 SHA-M2 | 003501 | 18/05/2023 | 2 | 17/04/2023 | Books | VEDI/23-24/04/11 | |||||||
| SOBD Library | SOBD Library | 18/05/2023 | Vedi Books | INR | 799.00 | 658.7 SHA-M3 | 003502 | 18/05/2023 | 3 | 17/04/2023 | Books | VEDI/23-24/04/11 | |||||||
| SOBD Library | SOBD Library | 18/05/2023 | Vedi Books | INR | 799.00 | 658.7 SHA-M4 | 003503 | 18/05/2023 | 4 | 17/04/2023 | Books | VEDI/23-24/04/11 | |||||||
| SOBD Library | SOBD Library | 18/05/2023 | Vedi Books | INR | 799.00 | 658.7 SHA-M5 | 003504 | 07/11/2024 | 5 | 17/04/2023 | Books | VEDI/23-24/04/11 | 1 | 07/11/2024 |